00299nam a2200109Ia 4500008004100000040001200041082001400053100003200067245004500099260003700144300000800181200103s9999||||xx |||||||||||||| ||und|| aIMU-MPC aColumn-48 aShah, L. B. and Shah, R. T. 0aAdvanced topics in Strength of Materials bAcharya Book Depot, Barodac1964 a348